000 00776nam a22002057a 4500
005 20180912155923.0
010 _aB-705490
020 _a9789350293430
_c799.00
035 _aB-705490
037 _bPANSY BOOKS(RP)
082 _a954
100 _aShourie, Arun
245 _aWorshipping false Gods :
_cby Arun Shourie
_bAmbedkar, and the facts which have been erased /
260 _aUttar Pradesh
_bHarperColluns
_c2012
270 _aA-75, sector 57
_bNoida
_e201301
300 _axii, 664p.
_c23 cm. (pbk)
500 _aBibliographical reference and includes index
942 _2ddc
_cEN
_h954
_mSHO
999 _c157443
_d157443